000 00537nam a22001697a 4500
999 _c1103
_d1103
008 160218b xxu||||| |||| 00| 0 eng d
020 _a978-93-5115-126-5
082 _22014
_aDC 647.940688
_bH794
245 _aHospitality and tourism marketing
260 _aUAE:
_b3G Elearning,
_cc2014.
300 _a254 pages;
_c23 cm.
500 _aIncludes bibliographical references.
650 0 _93049
_aHospitality industry
_xMarketing.
650 0 _93050
_aTourist trade
_xMarketing.
650 0 _93051
_aTourism
_xMarketing.
942 _2ddc
_cDC